000 01370nam a2200349 i 4500
999 _c26193
_d26193
001 26193
003 Mx-PuUPA
005 20241129115523.0
008 140415s2010 gw r 000 0 ger d
020 _a9783451273711
040 _aMx-PuUPA
_bspa
_cMx-PuUPA
_dMx-PuUPA
_erda
041 0 _ager
245 1 0 _aEdith Stein.
_n1.
_pAus dem Leben einer jüdischen Familie : und weitere autobiographische Beiträge /
_cMaria Amata Neyer, editor ; Hanna-Barbara Gerl-Falkovitz, colaborador ; Internationales Edith Stein Institut
246 3 1 _aEdith Stein Gesamtausgabe. ESGA
250 _a3. auflage
264 _aFreiburg im breisgau :
_bVerlag Herder GmbH,
_c2010
300 _axix, 393 páginas ;
_c22 cm.
336 _2rdacontent
_atexto
_btxt
337 _2rdamedia
_asin medio
_bn
338 _2rdacarrier
_avolumen
_bnc
490 0 _aA. Biographische Schriften.
600 1 0 _aStein, Edith,
_cSaint,
_d1891-1942
_99275
650 4 _aMonjas Carmelitas
_zAlemania
_xBiografía
650 4 _aJudios
_zAlemania
_xBiografía
650 4 _aCristianos conversos del judaísmo
_zAlemania
_xBiografía
700 1 _aNeyer, Maria Amata,
_eeditor
700 1 _aGerl-Falkovitz, Hanna-Barbara,
_ecolaborador
710 _aInternationales Edith Stein Institut.
942 _2ddc
_cLI
_h271.971022
_iE234